000 00784nam a2200205Ia 4500
003 GCL
008 140319s9999 xx 000 0 ara d
040 _aGCL /
_cGCL
082 0 4 _aق
_b962.034
_bع ع
100 1 _aعبدالرحمن الرافعى
245 1 0 _aعصراسماعيل( ج 1 , 2 ) /
_cعبدالرحمن الرافعى
300 _aمتعدد
490 _a
650 0 4 _aالاحوال الاجتماعية
650 0 4 _aالاحوال السياسية
650 0 4 _aمصر - تاريخ - العصر الحديث (1805 - 1956 )
650 0 4 _aمصر - تاريخ - العصر الحديث - عباس حلمى الثانى ( 1892-1914 م )
650 0 4 _aمصر - تاريخ - العصر الحديث - عصر اسماعيل ( 1863-1879 م )
942 _2ddc
_cBK
999 _c38309
_d38309